<?xml version="1.0" encoding="UTF-8"?><?xml-stylesheet type="text/xsl" href="static/style.xsl"?><OAI-PMH xmlns="http://www.openarchives.org/OAI/2.0/" xmlns:xsi="http://www.w3.org/2001/XMLSchema-instance" xsi:schemaLocation="http://www.openarchives.org/OAI/2.0/ http://www.openarchives.org/OAI/2.0/OAI-PMH.xsd"><responseDate>2026-04-13T01:20:14Z</responseDate><request verb="GetRecord" identifier="oai:www.recercat.cat:2117/397940" metadataPrefix="marc">https://recercat.cat/oai/request</request><GetRecord><record><header><identifier>oai:recercat.cat:2117/397940</identifier><datestamp>2025-07-17T00:41:10Z</datestamp><setSpec>com_2072_1033</setSpec><setSpec>col_2072_452950</setSpec></header><metadata><record xmlns="http://www.loc.gov/MARC21/slim" xmlns:dcterms="http://purl.org/dc/terms/" xmlns:xsi="http://www.w3.org/2001/XMLSchema-instance" xmlns:doc="http://www.lyncode.com/xoai" xsi:schemaLocation="http://www.loc.gov/MARC21/slim http://www.loc.gov/standards/marcxml/schema/MARC21slim.xsd">
   <leader>00925njm 22002777a 4500</leader>
   <datafield ind2=" " ind1=" " tag="042">
      <subfield code="a">dc</subfield>
   </datafield>
   <datafield ind2=" " ind1=" " tag="720">
      <subfield code="a">Rives Sanz, Ronny</subfield>
      <subfield code="e">author</subfield>
   </datafield>
   <datafield ind2=" " ind1=" " tag="720">
      <subfield code="a">Batet Miracle, Lluís</subfield>
      <subfield code="e">author</subfield>
   </datafield>
   <datafield ind2=" " ind1=" " tag="720">
      <subfield code="a">Al Awad, Abdulrahman</subfield>
      <subfield code="e">author</subfield>
   </datafield>
   <datafield ind2=" " ind1=" " tag="720">
      <subfield code="a">Sedano Miguel, Luís A.</subfield>
      <subfield code="e">author</subfield>
   </datafield>
   <datafield ind2=" " ind1=" " tag="720">
      <subfield code="a">Mas de les Valls Ortiz, Elisabet</subfield>
      <subfield code="e">author</subfield>
   </datafield>
   <datafield ind2=" " ind1=" " tag="260">
      <subfield code="c">2023</subfield>
   </datafield>
   <datafield ind2=" " ind1=" " tag="520">
      <subfield code="a">En reactores de fusión, la posibilidad de formación de burbujas de helio (He) en envolturas regeneradoras que utilizan la aleación eutéctica de litio-plomo (LLE) como material regenerador de tritio no es remota. Una vez formadas, la acumulación de burbujas en las superficies de contacto entre la estructura y el LLE conllevaría una reducción de la transferencia de calor y de la permeación de tritio. Consecuentemente, el impacto en las características de autosuficiencia de combustible en el reactor dependerá de la hidrodinámica, y del tamaño, concentración (coalescencia o ruptura), y estabilidad (crecimiento o implosión) de las burbujas. La Dinámica de Fluidos Computacional (CFD) se considera una herramienta potente para investigar la evolución de burbujas a escala macroscópica en condiciones donde los modelos teóricos no son válidos y/o los experimentos son engorrosos y costosos. En el presente estudio, un modelo CFD desarrollado en el código abierto OpenFOAM® se ha usado para identificar y visualizar los principales factores involucrados en el proceso de crecimiento de burbujas de He en LLE, entre ellos, la transferencia de masa interfacial y la hidrodinámica. Los resultados han mostrado que el incremento en el radio de una burbuja estacionaria se puede representar satisfactoriamente como ¿¿¿ (¿)/¿ = ¿ · ¿ ¿ /¿ , donde a ..1.1ee-07 m/s, n 0.68.0. Los resultados presentan además una buena concordancia con modelos teóricos que describen la evolución del radio de las burbujas. Por otro lado, se ha observado que la hidrodinámica del LLE facilita la rápida renovación de la concentración de He en la parte posterior de burbujas ascendentes. También, se han visualizado las diferentes etapas dinámicas que sufre la interfaz durante la coalescencia de dos burbujas. Finalmente, se ha encontrado que la correlación de Davenport puede describir la transferencia de masa interfacial en burbujas ascendentes de He en LLE con una desviación relativa menor a 7.9 %.</subfield>
   </datafield>
   <datafield ind2=" " ind1=" " tag="520">
      <subfield code="a">Postprint (published version)</subfield>
   </datafield>
   <datafield tag="653" ind2=" " ind1=" ">
      <subfield code="a">Àrees temàtiques de la UPC::Física::Física de fluids</subfield>
   </datafield>
   <datafield tag="653" ind2=" " ind1=" ">
      <subfield code="a">Liquid helium</subfield>
   </datafield>
   <datafield tag="653" ind2=" " ind1=" ">
      <subfield code="a">Fluid dynamics -- Data processing</subfield>
   </datafield>
   <datafield tag="653" ind2=" " ind1=" ">
      <subfield code="a">Mass transfer</subfield>
   </datafield>
   <datafield tag="653" ind2=" " ind1=" ">
      <subfield code="a">Evolución de burbujas</subfield>
   </datafield>
   <datafield tag="653" ind2=" " ind1=" ">
      <subfield code="a">Modelo CFD</subfield>
   </datafield>
   <datafield tag="653" ind2=" " ind1=" ">
      <subfield code="a">Helio</subfield>
   </datafield>
   <datafield tag="653" ind2=" " ind1=" ">
      <subfield code="a">Transferencia de masa interfacial</subfield>
   </datafield>
   <datafield tag="653" ind2=" " ind1=" ">
      <subfield code="a">Heli líquid</subfield>
   </datafield>
   <datafield tag="653" ind2=" " ind1=" ">
      <subfield code="a">Dinàmica de fluids computacional</subfield>
   </datafield>
   <datafield tag="653" ind2=" " ind1=" ">
      <subfield code="a">Transferència de massa</subfield>
   </datafield>
   <datafield ind2="0" ind1="0" tag="245">
      <subfield code="a">Investigación del proceso de crecimiento de burbujas de helio en eutéctico de litio-plomo</subfield>
   </datafield>
   <datafield ind2="0" ind1="0" tag="245">
      <subfield code="a">Investigation of the growth process of Helium bubbles in Lead-Lithium Eutectic</subfield>
   </datafield>
</record></metadata></record></GetRecord></OAI-PMH>